|
|
|
|
| LEADER |
00000nam a2200000 a 4500 |
| 005 |
20120907143016.0 |
| 007 |
cr|||| |||| |
| 008 |
080207s2007 sp |||||| 000 ||spa|c |
| 020 |
|
|
|a 9788496283510
|
| 035 |
|
|
|a 6523
|
| 040 |
|
|
|d vLex
|
| 090 |
|
|
|c 3401
|d 3401
|
| 100 |
1 |
|
|a Gudn̕ Rodrg̕uez-Magariǫs, Faustino
|
| 245 |
1 |
0 |
|a Manual prc̀tico del letrado de la defensa /
|h [Recurso electrn̤ico] /
|c Faustino Gudn̕ Rodrg̕uez-Magariǫs
|
| 250 |
|
|
|a 1ð ed.
|
| 256 |
|
|
|a Servicio en ln̕ea
|
| 260 |
|
|
|a Barcelona :
|b Ediciones Experiencia,
|c 2007
|
| 300 |
|
|
|a 1 recurso electrn̤ico
|
| 504 |
|
|
|a Referencias bibliogrf̀icas
|
| 506 |
0 |
4 |
|a 1Contenido disponible en los productos indicados
|d vLex Global
|d vLex Global (Academic Edition, excluding Law Schools)
|d vLex Global (U.S. Academic Edition, Law Schools)
|d vLex Global (U.S. Academic Edition, excluding Law Schools)
|d vLex Global (Academic Edition, Law Schools)
|
| 650 |
0 |
4 |
|a Defensores pb︢licos
|z Espaą
|
| 650 |
0 |
4 |
|a Defensa penal
|z Espaą
|
| 740 |
0 |
|
|a vLex Libros (servicio en ln̕ea)
|
| 856 |
4 |
0 |
|u http://vlex.com/source/manual-practico-letrado-defensa-6523
|z Acceso restringido
|
| 942 |
|
|
|c BOOK
|
| 999 |
0 |
|
|a Defense (Criminal procedure)
|
| 999 |
0 |
|
|a Public defenders
|